000
00321nam a2200145Ia 4500
999
_c
9812
_d
9812
003
OSt
005
20220303173009.0
008
220112s9999||||xx |||||||||||||| ||und||
020
_a
9789812454720
082
_a
741.6
_b
MAR
100
_a
Aymerich, Marta
245
0
_a
Eating & designing
260
_b
Page one
942
_2
ddc